Ayo Edebiri Filmography - Statistics

General Stats
  • This quiz has been taken 28 times
    12 since last reset
  • The average score is 15 of 45
Answer Stats
Type Year Name % Correct
Web Series 2022-Present The Bear
90%
Film 2023 Bottoms
80%
Film 2025 After the Hunt
60%
Film 2024 Inside Out 2
60%
Film 2025 Opus
60%
TV Show 2024 Saturday Night Live
60%
TV Show 2023 Abbott Elementary
50%
Web Series 2023 Black Mirror
50%
Film 2023 Teenage Mutant Ninja Turtles: Mutant Mayhem
50%
Film 2023 Theater Camp
50%
Web Series 2020-2025 Big Mouth
40%
Music Video 2025 Darling, I
40%
Web Series 2023 I Think You Should Leave with Tim Robinson
40%
Film 2024 Omni Loop
40%
Film 2020 Sh*thouse
40%
Web Series 2024 Tales of the Teenage Mutant Ninja Turtles
40%
Film 2023 The Sweet East
40%
Film 2021 As of Yet
30%
Film 2020 Cicada
30%
Web Series 2023-2024 Clone High
30%
Film 2025 Ella McCay
30%
Film 2022 Hello, Goodbye and Everything in Between
30%
Film 2021 How It Ends
30%
Music Video 2024 Noid
30%
Web Series TBA Prodigies
30%
Film 2023 Spider-Man: Across the Spider-Verse
30%
Short Film 2023 Tree's Blood
30%
Web Special 2023 We Lost Our Human
30%
Web Mini-Series 2020 Ayo and Rachel Are Single
20%
Web Series 2020-2023 Bigtop Burger
20%
Web Mini-Series 2014 Defectives
20%
Web Series 2021 Dickinson
20%
TV Show 2024 Everybody Still Hates Chris
20%
Web Mini-Series 2023 History of the World: Part II
20%
Short Film 2017 It Was Sometimes Like This
20%
TV Show 2023 Kiff
20%
Short Film 2015 LARP
20%
Web Series 2023-Present Mulligan
20%
Web Series 2022 Pause with Sam Jay
20%
Theater 2026 Proof
20%
Director 2025 Terrapin
20%
TV Show 2021 The Premise
20%
Documentary Mini-Series 2025 SNL50: Beyond Saturday Night
10%
TV Special 2025 SNL50: The Anniversary Special
10%
Web Special 2025 SNL50: The Homecoming Concert
10%
No matching quizzes found
Score Distribution
Percent of People with Each Score
Percentile by Number Answered
Your Score History
You have not taken this quiz since the last reset